Premier League Teams 2004-05 - Statistics

General Stats
  • This quiz has been taken 113 times
  • The average score is 17 of 20
Answer Stats
Position Team % Correct
2 Arsenal
100%
C Chelsea
100%
5 Liverpool
100%
3 Manchester United
98%
9 Tottenham Hotspur
98%
4 Everton
95%
8 Manchester City
93%
14 Newcastle United
93%
10 Aston Villa
91%
R Southampton
87%
R Norwich City
85%
15 Blackburn Rovers
84%
13 Fulham
84%
17 West Bromwich Albion
82%
6 Bolton Wanderers
79%
16 Portsmouth
79%
R Crystal Palace
78%
7 Middlesbrough
74%
12 Birmingham City
73%
11 Charlton Athletic
68%
No matching quizzes found
Score Distribution
Percent of People with Each Score
Percentile by Number Answered
Your Score History
You have not taken this quiz